|
|
|
|
| LEADER |
00803nam a2200205 u 4500 |
| 001 |
10008574 |
| 003 |
GR-PaULI |
| 005 |
20220921130456.0 |
| 008 |
881025s2009 gr f gre |
| 952 |
|
|
|0 0
|1 0
|2 ddc
|4 0
|6 889_340000000000000_ΞΕΝ
|7 0
|9 364465
|a LISP
|b LISP
|c DON
|d 2022-09-21
|e ΠΑΤ
|i 148298
|l 0
|o 889.34 ΞΕΝ
|p 025000294883
|r 2022-09-21 00:00:00
|t 1
|w 2022-09-21
|y BKN
|
| 999 |
|
|
|c 213027
|d 213027
|
| 020 |
|
|
|a 9789603364900
|
| 040 |
|
|
|a GR-PaULI
|c GR-PaULI
|b gre
|e AACR2
|
| 082 |
0 |
4 |
|a 889.34
|2 23
|
| 100 |
1 |
|
|9 164653
|a Ξένος, Χρίστος,
|d 1972-
|e συγγραφέας.
|
| 245 |
1 |
3 |
|a Οι μέρες ενός αχρείου /
|c Χρίστος Ξένος.
|
| 260 |
|
|
|a Αθήνα :
|b Γαβριηλίδης,
|c 2009.
|
| 300 |
|
|
|a 142 σ. ;
|b
|c 21 εκ.
|
| 942 |
|
|
|2 ddc
|c BKN
|
| 998 |
|
|
|c ΜΠΟΥΡΑΣ
|d 2022-09
|